000 00790nam a2200241 i 4500
001 bg
100 1 _aPARYJCZAK, Tadeusz.
245 0 _aLaboratorium chemiczne dla studentów budownicta /
_cTadeusz Paryjczak, Wojciech Kazimierz Jóźwiak, Jacek Rynkowski.
250 _aWyd. 2.
260 _aŁódź :
_bPŁ,
_c1990.
300 _a311 s. :
_brys., wykr. ;
_c21 cm.
490 1 _aSkrypty dla Szkół Wyższych / Politechnika Łódzka
504 _aBibliogr. przy rozdz.
700 1 _aJÓŹWIAK, Wojciech Kazimierz.
700 1 _aRYNKOWSKI, Jacek.
710 _aPolitechnika Łódzka
830 0 _aSkrypty dla Szkół Wyższych (Politechnika Łódzka)
040 _cBPK
041 _apol
080 _a691:543](075.8)
942 _cKS
008 s pl f |000 0 pol
999 _c6350
_d6350
856 _uhttp://koha.tu.koszalin.pl/cgi-bin/koha/opac-detail.pl?biblionumber=6350
_yKatalog online BPK